| 000 | 00654nam a2200265Ia 4500 | ||
|---|---|---|---|
| 005 | 20250425162534.0 | ||
| 008 | 250425s9999 xx 000 0 und d | ||
| 041 | _aspa | ||
| 043 | _aec | ||
| 082 | _a331.21 | ||
| 100 | _aBIBLIOTECA, JURIDICA | ||
| 245 | 0 | _aCODIGO ORGANICO DE LA PRODUCCION, COMERCIO E INVERSION | |
| 250 | _a1A ED. | ||
| 260 |
_aEcuador _bBIBLIOTECA JURIDICA _c2011 |
||
| 260 |
_aQUITO _bBIBLIOTECA JURIDICA |
||
| 300 | _a148 | ||
| 500 | _aRECUPERADO | ||
| 650 | _aCODIGOS | ||
| 650 | _aCOMERCIO | ||
| 650 | _aINVERSIONES | ||
| 650 | _aPRODUCCION | ||
| 710 | _aBIBLIOTECA JURIDICA | ||
| 942 | _c01 | ||
| 010 | _a83897 | ||
| 999 |
_c231288 _d231288 |
||